ՀՀ Գիտությունների ազգային ակադեմիայի հիմնարար գիտական գրադարան  =   Fundamental Scientific Library of NAS RA

Библиография произведений Николая Николаевича Кецховели / (Record no. 257500)

MARC details
000 -LEADER
fixed length control field 00837nam a2200217 a 4500
001 - CONTROL NUMBER
control field 000694476
003 - CONTROL NUMBER IDENTIFIER
control field AM-YeHGA
005 - DATE AND TIME OF LATEST TRANSACTION
control field 20250617142426.0
008 - FIXED-LENGTH DATA ELEMENTS--GENERAL INFORMATION
fixed length control field 091102s1970 ||| r 000 0 geo d
040 ## - CATALOGING SOURCE
Original cataloging agency AM-YeHGA
041 0# - LANGUAGE CODE
Language code of text/sound track or separate title geo
090 ## - LOCALLY ASSIGNED LC-TYPE CALL NUMBER (OCLC); LOCAL CALL NUMBER (RLIN)
-- 259105
245 00 - TITLE STATEMENT
Title Библиография произведений Николая Николаевича Кецховели /
Statement of responsibility, etc. Библ. сост. Е.Б. Жужунадзе; Вст. ст. И.И. Тумаджанова.
260 ## - PUBLICATION, DISTRIBUTION, ETC.
Place of publication, distribution, etc. Тбилиси :
Name of publisher, distributor, etc. Мецниереба,
Date of publication, distribution, etc. 1970.
300 ## - PHYSICAL DESCRIPTION
Extent 139 с. :
Other physical details портр.
546 ## - LANGUAGE NOTE
Language note На гру. яз.
600 14 - SUBJECT ADDED ENTRY--PERSONAL NAME
Personal name Кецховели, Николай Николаевич
653 0# - INDEX TERM--UNCONTROLLED
Uncontrolled term Библиография
700 1# - ADDED ENTRY--PERSONAL NAME
Personal name Жужунадзе, Е.Б.
Relator term сост.
Relationship com
700 1# - ADDED ENTRY--PERSONAL NAME
Personal name Тумаджанов, И.И.
Relator term вст. ст.
Holdings
Withdrawn status Lost status Damaged status Not for loan Collection Home library Current library Date acquired Total checkouts Full call number Barcode Date last seen Price effective from Koha item type Public note
        General Fundamental Scientific Library Fundamental Scientific Library 29/12/2016   PII/553082 FL0133551 29/12/2016 29/12/2016 Գրքեր / Books 30 Days Loan


ՀՀ ԳԱԱ հիմնարար գիտական գրադարան
ՀՀ,Երևան 0019
Մարշալ Բաղրամյան 24/6
հեռախոս:(374-10) 52-47-50
Հետադարձ կապ

All site content, except where otherwise noted, is licensed under a
Creative Commons License